书目信息 |
| 题名: |
表达力!女人不要输在不懂说话上
|
|
| 作者: | ;汇智书源 编著 | |
| 分册: | ||
| 出版信息: | 北京 中国铁道出版社 2017 |
|
| 页数: | 244页 | |
| 开本: | 24cm | |
| 丛书名: | ||
| 单 册: | ||
| 中图分类: | H019-49 | |
| 科图分类: | ||
| 主题词: | 女性--语言艺术--通俗读物 | |
| 电子资源: | ||
| ISBN: | 978-7-113-23421-8 | |
| 000 | 00812nam0 2200229 45 | |
| 001 | 012001000078 | |
| 005 | 20140920091301.0 | |
| 010 | @a978-7-113-23421-8@dCNY39.80 | |
| 100 | @a20180217d2017 em y0chiy50 ea | |
| 101 | 0 | @achi |
| 102 | @aCN@b110000 | |
| 105 | @aa z 000yy | |
| 106 | @ar | |
| 200 | 1 | @a表达力!女人不要输在不懂说话上@9Biao Da Li ! Nv Ren Bu Yao Shu Zai Bu Dong Shuo Hua Shang@f汇智书源编著 |
| 210 | @a北京@c中国铁道出版社@d2017 | |
| 215 | @a244页@c图@d24cm | |
| 330 | @a本书从人际交往、职场、销售、家庭等各方面深入解析女性的说话技巧,全方位提升说话水平,帮助你做一个沟通能力出众、掌控人生的聪明女人。 | |
| 606 | 0 | @a女性@x语言艺术@j通俗读物 |
| 690 | @aH019-49@v5 | |
| 711 | 02 | @a汇智书源@9Hui Zhi Shu Yuan@4编著 |
| 801 | 0 | @aCN@b上海新华@c20180901 |
| 905 | @b1040379-83@dH019@e294@f5 | |
| 表达力!女人不要输在不懂说话上/汇智书源编著.-北京:中国铁道出版社,2017 |
| 244页:图;24cm |
| ISBN 978-7-113-23421-8:CNY39.80 |
| 本书从人际交往、职场、销售、家庭等各方面深入解析女性的说话技巧,全方位提升说话水平,帮助你做一个沟通能力出众、掌控人生的聪明女人。 |
| ● |
| 相关链接 |
|
|
|
|
正题名:表达力!女人不要输在不懂说话上
索取号:H019/294
 
预约/预借
| 序号 | 登录号 | 条形码 | 馆藏地/架位号 | 状态 | 备注 |
| 1 | 1040379 | 210403794 | 第二样本阅览室/ [索取号:H019/294] | 在馆 | |
| 2 | 1040380 | 210403801 | 密集书库-文学院/ [索取号:H019/294] | 在馆 | |
| 3 | 1040381 | 210403810 | 第四借阅区/ [索取号:H019/294] | 在馆 | |
| 4 | 1040382 | 210403829 | 第四借阅区/ [索取号:H019/294] | 在馆 | |
| 5 | 1040383 | 210403838 | 第四借阅区/ [索取号:H019/294] | 在馆 |